Jíme zdravě : grilovací speciál /
Kuchařská kniha plná zdravých receptů na přípravu masových i zeleninových grilovaných jídel, zálivek, dipů, salátů.
Uloženo v:
| Korporativní autor: | |
|---|---|
| Další autoři: | |
| Médium: | E-kniha |
| Jazyk: | Czech |
| Vydáno: |
Praha :
Verdon Capite s.r.o.,
[2021]
|
| Témata: | |
| Tagy: |
Žádné tagy |
| LEADER | 02025nam a2200481 i 4500 | ||
|---|---|---|---|
| 001 | 311361 | ||
| 003 | CZ PrSKC | ||
| 005 | 20260601215704.0 | ||
| 007 | ta | ||
| 008 | 210617t20212021xr a e f 000 0 cze | ||
| 015 | |a cnb003328598 | ||
| 020 | |a 9788088387206 |q (brožováno) | ||
| 035 | |a (OCoLC)1267679997 | ||
| 040 | |a OLA001 |b cze |d ABA001 |e rda | ||
| 072 | 7 | |a 641 |x Kuchařství. Potraviny. Vařená jídla |2 Konspekt | |
| 080 | |a 641.526.3 |2 MRF | ||
| 080 | |a 613.2 |2 MRF | ||
| 080 | |a (083.12) |2 MRF | ||
| 245 | 0 | 0 | |a Jíme zdravě : |b grilovací speciál / |c autoři receptů - tým Jíme zdravě ; fotografie receptů - Marie Bartošová |
| 246 | 3 | |a Grilovací speciál Jíme zdravě | |
| 264 | 1 | |a Praha : |b Verdon Capite s.r.o., |c [2021] | |
| 264 | 4 | |c ©2021 | |
| 300 | |a 93 stran : |b barevné ilustrace ; |c 24 cm | ||
| 336 | |a text |b txt |2 rdacontent | ||
| 336 | |a statický obraz |b sti |2 rdacontent | ||
| 337 | |a bez média |b n |2 rdamedia | ||
| 338 | |a svazek |b nc |2 rdacarrier | ||
| 520 | 2 | |a Kuchařská kniha plná zdravých receptů na přípravu masových i zeleninových grilovaných jídel, zálivek, dipů, salátů. | |
| 650 | 0 | 7 | |a grilování |7 ph285326 |2 czenas |
| 650 | 0 | 7 | |a grilovaná jídla |7 ph114643 |2 czenas |
| 650 | 0 | 7 | |a racionální výživa |7 ph124968 |2 czenas |
| 650 | 0 | 9 | |a grilling |2 eczenas |
| 650 | 0 | 9 | |a barbecue meals |2 eczenas |
| 650 | 0 | 9 | |a rational nutrition |2 eczenas |
| 655 | 7 | |a kuchařské recepty |7 fd132687 |2 czenas | |
| 655 | 9 | |a cookbooks |2 eczenas | |
| 700 | 1 | |a Bartošová, Marie |7 xx0242312 |4 pht | |
| 710 | 2 | |a Jíme zdravě (autorský tým) |7 xx0249438 |4 aut | |
| 900 | |a ABA001 |b 19 | ||
| 044 | |a xr | ||
| 910 | |a RBIT002 | ||
| 998 | |d 327421 |a https://core.palmknihy.cz/api/books/327421/cover?quwl03 |b https://core.palmknihy.cz/api/books/327421/cover/400?quwl03 |c https://core.palmknihy.cz/api/books/327421/cover/50?quwl03 |e 2030-09-17 |g 96 |i 9788088387206 |k https://core.palmknihy.cz/api/books/327421/preview.pdf |l |q 49 |r 1 |s https://www.palmknihy.cz/kniha/327421 |t ebook |y 2021 |z 0 | ||
| 999 | |d 311359 | ||